000 00261nam a2200121Ia 4500
008 190216s9999||||xx |||||||||||||| ||und||
100 _aSkaria P P
245 0 _aEconomics
260 _bVrindavan Pub
_c1981
300 _a244p
650 _aEconomics
942 _cBK
999 _c9358
_d9358